Y...¿Qué es el Género? /

Guardat en:
Dades bibliogràfiques
Autor principal: Hernández López, Gabriela
Format: Text
Matèries:
Etiquetes: Afegir etiqueta
Sense etiquetes, Sigues el primer a etiquetar aquest registre!

MARC

LEADER 00000 a a2200000 04500
001 2561
003
040
100 |a Hernández López, Gabriela  
245 |a Y...¿Qué es el Género? /  |c Gabriela Hernández López 
650 |a ANALISIS DE GENERO  
650 |a SOCIEDAD  
650 |a DISCRIMINACION BASADA EN GENERO  
650 |a IGUALDAD DE GENERO  
650 |a CULTURA  
650 |a ROL DE LA MUJER  
650 |a COSTA RICA  
773 |g volumen 2, número 5; páginas 10-11  
999 |c 39451  |d 39451